000 00629cam a2200205 4500
001 ABS62007
008 000000n2000 000 0 eng u
035 _a(Sirsi) u104488
100 _aCohen, R.
245 _aMaking value judgments
260 _c2000
490 _aProperty Week
_v65(8) 25 February 2000 92(1)
520 _aOutlines the pitfalls of appointing a single expert witness when valuing real estate.
590 _aABS
650 _aLEASE RENEWAL
650 _aCIVIL PROCEDURE RULES
650 _aPROFESSIONAL ARBITRATION ON COURT TERMS
690 _aPROPERTY-PROPERTY APPRAISAL AND VALUATION
942 _n0
999 _c62690
_d62690